000 00388nam a2200133 i 4500
001 bg
100 1 _aZIEMBICKI, Lesław.
245 1 0 _aProblemy projektowania i wykonawstwa budowli wieżowych.
_nCz. 3,
_pElementy organizacji i zarządzania /
_cLesław Ziembicki.
260 _aOpole,
_c1981.
040 _cBPK
041 _apol
942 _cKS
008 s pl f |000 0 pol
999 _c20580
_d20580
856 _uhttp://koha.tu.koszalin.pl/cgi-bin/koha/opac-detail.pl?biblionumber=20580
_yKatalog online BPK